Sucesión hereditaria y sus incidencias / (Record no. 161332)

MARC details
000 -LEADER
campo de control de longitud fija 00661nam a2200181 i 4500
001 - NÚMERO DE CONTROL
campo de control 161332
003 - IDENTIFICADOR DE NÚMERO DE CONTROL
campo de control ES-MaACL
005 - FECHA Y HORA DE LA ÚLTIMA TRANSACCIÓN
campo de control 20230906212249.0
008 - DATOS DE LONGITUD FIJA--INFORMACIÓN GENERAL
campo de control de longitud fija 980826s1879 sp |||| | spa d
040 ## - FUENTE DE CATALOGACIÓN
Centro catalogador/agencia de origen CLM
Lengua de catalogación spa
Centro/agencia transcriptor CLM
100 1# - ENTRADA PRINCIPAL--NOMBRE DE PERSONA
Nombre de persona Pando, Juan Antonio de.
9 (RLIN) 130814
245 10 - MENCIÓN DEL TÍTULO
Título Sucesión hereditaria y sus incidencias /
Mención de responsabilidad, etc. por Juan Antonio de Pando.
260 ## - PUBLICACIÓN, DISTRIBUCIÓN, ETC.
Lugar de publicación, distribución, etc. Madrid :
Nombre del editor, distribuidor, etc. [s.n.],
Fecha de publicación, distribución, etc. 1879 (
Fabricante Imprenta de Moya y Plaza)
300 ## - DESCRIPCIÓN FÍSICA
Extensión 114, [2] p. ;
Dimensiones 22 cm.
594 #1 - Nota al título y mención de responsabilidad
Nota al título y mención de responsabilidad Precede al tít.: Novela segunda.
650 #4 - PUNTO DE ACCESO ADICIONAL DE MATERIA--TÉRMINO DE MATERIA
Término de materia o nombre geográfico como elemento de entrada Herencia (Derecho)
9 (RLIN) 136215
852 ## - LOCALIZACIÓN
Ubicación ES-MaACL
Número de control de estantería T-360-F-1
Nota libre -- Enc. hol.
condición física -- Falto de la cub. original
Nota libre -- Enc. en un vol. facticio
Holdings
Estatus retirado Estado de pérdida Estado de daño No para préstamo Colección Biblioteca de origen Biblioteca actual Ubicación en estantería Fecha de adquisición Total de préstamos Signatura topográfica completa Código de barras Visto por última vez Precio de reemplazo Tipo de ítem Koha
        Colección de folletos Biblioteca del Ateneo de Madrid Biblioteca del Ateneo de Madrid Depósito folletos 17/01/2008   T-360-F-1 1168984 23/02/2023 23/02/2023 Folleto